000 00498cam a22001697a 4500
001 3950512
005 20250908102927.0
008 930629s1993 okua 000 0 eng
020 _a0892765194
020 _a9780892765195
050 0 0 _aMLCS 94/07323 (B)
100 1 _aHagin, Kenneth E.,
_d1917-2003.
245 1 0 _aFollowing God's plan for your life /
_cKenneth E. Hagin.
260 _aTulsa, OK :
_bFaith Library Publications,
_cc1993.
300 _a177 p. :
_bill. ;
_c22 cm.
942 _2lcc
_cBK
_n0
999 _c7473
_d7473